Impact of educational intervention on knowledge and practice of safety precaution of cytotoxic drugs administration among nurse.
Guardat en:
| Autor principal: | |
|---|---|
| Format: | Desconegut |
| Idioma: | English |
| Publicat: |
c2011.
|
| Matèries: | |
| Accés en línia: | Visit NHRC Library |
| Etiquetes: |
Afegir etiqueta
Sense etiquetes, Sigues el primer a etiquetar aquest registre!
|
| LEADER | 00902 a2200253 4500 | ||
|---|---|---|---|
| 003 | OSt | ||
| 005 | 20220906184552.0 | ||
| 008 | 190529b ||||| |||| 00| 0 eng d | ||
| 952 | |0 0 |1 0 |2 NLM |4 0 |6 THS_00259_PAN_2011_000000000000000 |7 0 |9 736 |a NHRC |b NHRC |c REF |d 2012-07-29 |l 0 |o THS-00259/PAN/2011 |p THS-00259 |r 2012-07-29 |w 2012-07-29 |y TR | ||
| 999 | |c 730 |d 730 | ||
| 060 | |a THS-00259 | ||
| 100 | |a Pande, Sarala. |9 1905 | ||
| 245 | |a Impact of educational intervention on knowledge and practice of safety precaution of cytotoxic drugs administration among nurse. | ||
| 260 | |c c2011. | ||
| 300 | |a vii, 53p. : | ||
| 500 | |a Thesis Report. | ||
| 546 | |a Eng. | ||
| 650 | |a Educational Intervention. |9 1117 | ||
| 650 | |a Knowledge. |9 344 | ||
| 650 | |a Safety Precaution. |9 2141 | ||
| 650 | |a Cytotoxic drugs. |9 2142 | ||
| 650 | |a Nurses. |9 907 | ||
| 856 | |u http://nhrc.gov.np/contact/ |y Visit NHRC Library | ||
| 942 | |2 NLM |c TR | ||